|
|
|
|
| LEADER |
00704nab a2200193 i 4500 |
| 001 |
publ23556 |
| 005 |
20220210122457.0 |
| 008 |
220210s2021 hu o 0|| Magyar d |
| 022 |
|
|
|a 1787-3223
|
| 024 |
7 |
|
|a 32073692
|2 mtmt
|
| 040 |
|
|
|a SZTE Publicatio Repozitórium
|b hun
|
| 041 |
|
|
|a Magyar
|
| 100 |
1 |
|
|a Juhász Zsuzsanna
|
| 245 |
1 |
2 |
|a A fogvatartottak családi élet tiszteletben tartásához való joga az Emberi Jogok Európai Egyezményének 8. cikke alapján
|h [elektronikus dokumentum] /
|c Juhász Zsuzsanna
|
| 260 |
|
|
|c 2021
|
| 300 |
|
|
|a 55-67
|
| 490 |
0 |
|
|a IUSTUM AEQUUM SALUTARE
|v 17 No. 2
|
| 650 |
|
4 |
|a Jogtudomány
|
| 856 |
4 |
0 |
|u http://publicatio.bibl.u-szeged.hu/23556/1/Iusae..pdf
|z Dokumentum-elérés
|